Sports Quiz

Random Sports or Baseball Quiz

MLB Team Value Quiz Stats

 Plays Quiz not verified by Sporcle

Support Sporcle.
Go Orange.
Score 0/30 Timer 08:00
0 Plays Today
Current Value ($Mil) Team % Correct
1,600New York Yankees
97.3%
870Boston Red Sox
97.3%
858New York Mets
88%
727Los Angeles Dodgers
88%
726Chicago Cubs
84%
537Philadelphia Phillies
82.7%
521Los Angeles Angels of Anaheim
73.3%
488St Louis Cardinals
70.7%
483San Francisco Giants
69.3%
466Chicago White Sox
69.3%
289Pittsburgh Pirates
64%
453Houston Astros
61.3%
451Texas Rangers
58.7%
450Atlanta Braves
58.7%
439Seattle Mariners
56%
Current Value ($Mil) Team % Correct
405Minnesota Twins
56%
379Arizona Diamondbacks
56%
295Oakland Athletics
56%
408San Diego Padres
54.7%
375Detroit Tigers
53.3%
316Tampa Bay Rays
53.3%
384Colorado Rockies
52%
376Baltimore Orioles
52%
341Kansas City Royals
52%
317Florida Marlins
52%
351Milwaukee Brewers
50.7%
391Cleveland Indians
49.3%
387Washington Nationals
49.3%
331Cincinnati Reds
49.3%
326Toronto Blue Jays
48%

You're not logged in!

Compare scores with friends on all Sporcle quizzes.
OR
Log In
Remove Ads.
Support Sporcle.
Get the best of Sporcle when you Go Orange. This ad-free experience offers more features, more stats, and more fun while also helping to support Sporcle. Thank you for becoming a member.

Show Comments

Extras

Top Quizzes Today


Score Distribution

Your Account Isn't Verified!

In order to create a playlist on Sporcle, you need to verify the email address you used during registration. Go to your Sporcle Settings to finish the process.

Report this User

Report this user for behavior that violates our Community Guidelines.

Details: